01694nam a22003977a 4500003000500000005001700005008004100022010001000063011001000073035001000083040000900093090001000102100003900112245015800151260004000309300001000349502007500359590003700434590004100471590004100512590004100553590004100594590004100635590004200676650004200718650003900760650005700799700004200856901000700898942000900905949004300914949005500957999001701012952013901029952012801168CHAP20220329135633.0971013s1995 r 00010 d a39743 a40715 a44841 cCHAP aTesis00aHernández Cabrera, Mario.953870 aEvaluación biológica y económica de un método determinístico y dos estocásticos, en la formulación de raciones para pollonas en crecimiento aChapingo, Méx. :bEl autor,c1995 a37 h. aTesis (Ing. Agr. Esp. en Zootecnia) -- UACH. Departamento de Zootecnia aALEPHb10c20130110lUCH01h1308 aBATCH-UPDb10c20130110lUCH01h0002 aBATCH-UPDb10c20130110lUCH01h1901 aBATCH-UPDb10c20130409lUCH01h1937 aBATCH-UPDb10c20130410lUCH01h1229 aBATCH-UPDb10c20130914lUCH01h0444 aCONVERSIONb10c20130109lUCH01h132214aAves de corralxAlimentación.9863814aAves de corralxCrecimiento.9864214aProteínas en nutrición de aves de corral.9924550 aOsorio Balderas, Miguel Angel.984209 aBK cFOLL bBCcTESd-102696eTS1h27873i44841si bBCcTESd33724000006102eTS2fc.2h27874i44841si c39743d39743 00102local4053708TESISaBCbBCcPA_TESISd2019-12-31fFOLLl0oTesisp33724000006102r2019-12-31 00:00:00tc.2w2019-12-31yTESIS 00102local4051708TESISaBCbBCcPA_TESISd2019-12-31fTESISl0oTesisp-102696r2019-12-31 00:00:00w2019-12-31yTESIS